01227nas a2200277Ia 4500001001100000003000900011008004100020040001300061040001300074041001300087100003800100210001000138222001000148245005700158250001100215260004700226501008600273300001000359310001500369362002300384500026200407650003900669942000700708999001900715952021500734R709/80749IT-RoPAU151124c99999999xx |||||||||||| ||und|| aIT-RoPAU cIT-RoPAU aFRANCESE aAA.VV. gCodice Aut. SPICS: 12000 aEIDOS aEidos aEIDOS, 1989-N.01 (MAGGIO)bEidos, 1989-N.01 (Maggio) a1a ed. aTOURSbUNIVERSITE' FRANCOIS RABELAISc1989 bPaulus - SPICS - Società San Paolo EM (non-commercial uses only)cCopyright2015 a34 p. aSEMESTRALE aN.01 (MAGGIO 1991) aBollettino Internazionale di Semiotica dell'Immagine, Pubblicato Dal Laboratorio di Linguistica dell'Università Francois Rabelais di Tours. Uso della Nube nella Pittura. Recensione di Libri: L'Origine De la Perspective di Hubert Damisch, Les Formes De L'E aSEMIOTICAvPUBBLICAZIONE PERIODICA cCR c188314d188314 0010406R_709_80749000000000071aSPICSbSPICSd2015-11-25l0oR709/80749r2015-11-25 00:00:00w2015-11-25yCRzProgr. Ins: 93086 / Copia rara: NO / date import: 25.11.2015 / By Epidotti, Trombetti, Vaglietti